Empresa EQUI-OFFI S.A

Presenta el informe de prácticas profesionales en la empresa Equi-offi S.A que muestra detalladamente los diferentes proyectos que se realizaron durante la práctica profesional, la ubicación, descripción, y la participación que se tuvo en dichos proyectos durante su ejecución.

Bibliographic Details
Main Author: Zelaya Carazo, Laleshka Alejandra
Other Authors: Tutor: Zelaya Gonzalez, Johanna del Carmen
Format: Tesis Section = Libro
Language:Undetermined
Spanish
Published: Managua UNI 2020
Subjects:
LEADER 01026nam a2200253Ia 4500
008 240830s9999 xx 000 0 und d
040 |a BIBLIOTECA-RUSB/ Mon 729 Z49 
041 |a spa 
082 |a Mon 729 Z49 
100 1 |a Zelaya Carazo, Laleshka Alejandra 
245 1 0 |a Empresa EQUI-OFFI S.A 
260 |a Managua  |b UNI  |c 2020 
300 |a 121 p. :il. 
500 |a Contiene: Informe de práctica profesional. Anexos y CD. 
502 |a Tesis (Arquitecto) - UNI, 2020. 
520 3 |a Presenta el informe de prácticas profesionales en la empresa Equi-offi S.A que muestra detalladamente los diferentes proyectos que se realizaron durante la práctica profesional, la ubicación, descripción, y la participación que se tuvo en dichos proyectos durante su ejecución. 
650 7 |a PRACTICAS PROFESIONALES 
650 7 |b  DISEÑO DE INTERIORES 
650 7 |c  MOBILIARIO 
650 7 |d  FORMACION PROFESIONAL 
700 1 |a Tutor:  |b Zelaya Gonzalez, Johanna del Carmen 
942 |c BK  |2 ddc 
991 |a TESIS 
999 |c 21532